000 00490nam a22001817a 4500
003 UA-OsUOA
001 13153
007 ta
008 20030419b un ||||| |||| 00| 0 ukr d
100 _aМіхно В.
942 _cSA
040 _aUA-OsUOA
_cUA-OsUOA
_dUA-OsUOA
245 _aОсередок спортивного життя Клеваня
300 _aС.7
955 _a0
773 0 _w0
_tВільне слово
_dРівне
_d2003
_g№25/2 квіт./
650 7 _aКлуби
_2UDC
999 _c299314
_d299314